000 00400nam a22001697a 4500
003 OSt
005 20211215161519.0
008 211215b |||||||| |||| 00| 0 eng d
020 _a9788184886887
040 _cHU
082 _a657.54
100 _aSAXENA R,G,
_923168
245 _aPRINCIPLES AND PRACTICE OF AUDITING
260 _aNEW Deelhi
_bAAS
_c2010
300 _a645
942 _2ddc
_cBOOKS
_n0
999 _c22672
_d22672